| Tag |
First Indicator |
Second Indicator |
Subfields |
| LEADER |
00000cam a2200000 a 4500 |
| 001 |
in00000069428 |
| 005 |
20220103134416.0 |
| 007 |
cr unu a |
| 008 |
820918s1981 xx a b 00010 eng d |
| 035 |
|
|
|9 AAH7203AM
|
| 035 |
|
|
|a (OCoLC)08787229
|
| 040 |
|
|
|a TXA
|c TXA
|d UtOrBLW
|
| 043 |
|
|
|a cc-----
|
| 049 |
|
|
|a TXAZ [Also in] [Archives]
|c 1 [1803776], 2 [1803777]
|
| 099 |
|
|
|a 1981
|a Thesis
|a V645
|
| 100 |
1 |
|
|a Victoria-Rueda, Carlos Humberto,
|d 1954-
|
| 245 |
1 |
0 |
|a Productivity, detritus formation and grazing of the seagrass Thalassia testudinum Banks in Caribbean meadows :
|b a simulative numerical model /
|c Carlos Humberto Victoria-Rueda.
|
| 264 |
|
1 |
|a [Place of publication not identified] :
|b [publisher not identified] ;
|c 1981.
|
| 300 |
|
|
|a viii, 85 leaves :
|b illustrations ;
|c 29 cm.
|
| 336 |
|
|
|a text
|b txt
|2 rdacontent
|
| 337 |
|
|
|a computer
|b c
|2 rdamedia
|
| 338 |
|
|
|a online resource
|b cr
|2 rdacarrier
|
| 500 |
|
|
|a "Major subject: Biology."
|
| 500 |
|
|
|a Typescript (photocopy).
|
| 500 |
|
|
|a Vita.
|
| 502 |
|
|
|b M.S.
|c Texas A&M University
|d 1981.
|
| 504 |
|
|
|a Bibliography: leaves 70-77.
|
| 530 |
|
|
|a Also available online.
|
| 650 |
|
0 |
|a Marine plants
|z Caribbean Area.
|
| 650 |
|
0 |
|a Seagrasses
|z Caribbean Area.
|
| 650 |
|
0 |
|a Seashore ecology
|z Caribbean Area.
|
| 650 |
|
4 |
|a Major biology.
|
| 856 |
4 |
1 |
|u https://hdl.handle.net/1969.1/ETD-TAMU-1981-THESIS-V645
|z Link to OAKTrust copy
|t 0
|
| 999 |
|
|
|a MARS
|
| 999 |
f |
f |
|s 05febcbc-0500-3093-aec0-9f18cd0cea2e
|i b6fd8b39-ff72-3664-a5aa-d7f1853d9def
|t 0
|
| 952 |
f |
f |
|p noncirc
|a Texas A&M University
|b J.J. Pickle Campus
|c High Density Repository
|s HDR
|d Remote Storage
|t 0
|e 1981 Thesis V645
|h Other scheme
|i computer -- online resource
|m A14841003315
|
| 952 |
f |
f |
|a Texas A&M University
|b College Station
|c Electronic Resources
|s www_evans
|d Available Online
|t 0
|e 1981 Thesis V645
|h Other scheme
|
| 998 |
f |
f |
|a 1981 Thesis V645
|t 0
|l Remote Storage
|
| 998 |
f |
f |
|a 1981 Thesis V645
|t 0
|l Available Online
|